Statystyki dla TOP 10 PL Streamerów - LIPIEC 2k21

Kliknij tutaj aby rozwiązać quiz!

Ogólne statystyki

  • Ten quiz został rozwiązany 60 razy
  • Średni wynik to 3 z 10

Statystyki odpowiedzi

HintOdpowiedź% Poprawnych
3Japczan
69%
1EWROON
65%
6Popo
65%
2PAGO3
43%
8vysotzky
33%
5xth0rek
31%
4H2P_Gucio
22%
7RybsonLoL
10%
9polsatgames
4%
10WorldOfWarships
2%

Rozkład punktacji

Percentyl według liczby udzielonych odpowiedzi

Procent ludzi z każdym wynikiem

Twoja historia wyników

Nie rozwiązałeś tego quizu